| 000 | 00442cam a2200193ua 4500 | ||
|---|---|---|---|
| 001 | 9067 | ||
| 005 | 20260515114425.0 | ||
| 008 | 150220n ii |||gr||||Z||||||eng | ||
| 040 | _cMAIN | ||
| 041 | _aeng | ||
| 082 | _a822 | ||
| 100 |
_aLall, R., _eEditor., |
||
| 245 | 1 |
_aMarlowe doctor faustus _cEdited by Ramji Lall |
|
| 250 | _a21th. | ||
| 260 |
_aNew delhi: _bRama, _c1996. |
||
| 300 | _a282p. | ||
| 653 | _aEnglish drama | ||
| 942 | _cBK | ||
| 999 |
_c8150 _d8150 |
||